| 000 | 01176nam a2200361 a 4500 | ||
|---|---|---|---|
| 003 | AR-BaBNM | ||
| 005 | 20251128205443.0 | ||
| 008 | 082120s2002 ||||||||||||||000 | spa|| | ||
| 020 | _a950-9467-68-5 | ||
| 040 | _cAR-BaBNM | ||
| 100 | 1 | _aPaviglianiti, Norma | |
| 245 | 0 | 0 |
_aRecomposición neoconservadora _blugar afectado : la universidad |
| 260 |
_aBuenos Aires _bMiño y Dávila _c1996 |
||
| 300 |
_a229 p. _bil., tablas |
||
| 490 | 0 | _aEducación, crítica & debate | |
| 500 | _aApéndice documental: Ley Federal de Educación Nro 24.195: p. 175-200 | ||
| 500 | _aLey de Educación Superior Nro 24.521: p. 201-226 | ||
| 504 | _aContiene bibliografía al final de cada capítulo | ||
| 650 | 4 | _aUNIVERSIDADES | |
| 650 | 4 | _aREFORMA DE LA EDUCACION | |
| 650 | 4 | _aPOLITICA EDUCATIVA | |
| 650 | 4 | _aADMINISTRACION UNIVERSITARIA | |
| 650 | 4 | _aENSEÑANZA UNIVERSITARIA | |
| 653 | _aLEY FEDERAL DE EDUCACION | ||
| 653 | _aNEOLIBERALISMO | ||
| 653 | _aEDUCACION SUPERIOR | ||
| 653 | _aLEGISLACION EDUCATIVA | ||
| 700 | 1 | _aNosiglia, María Catalina | |
| 700 | 1 | _aMarquina, Mónica | |
| 800 | 1 |
_aGentili, Pablo _edirector |
|
| 942 | _cBK | ||
| 998 | _cSILVI | ||
| 999 |
_c11468 _d11468 |
||